Click The Swedish Cities On A Map - Statistics

General Stats
  • This quiz has been taken 51 times
  • The average score is 11 of 17
Answers on the Map
Answers color-coded by a green-red scale on the quiz's map according to % correct below.
 
Answer Stats
Answer % Correct
Stockholm
89%
Malmö
86%
Uppsala
81%
Gothenburg
78%
Kiruna
78%
Luleå
78%
Visby
72%
Örebro
64%
Kalmar
61%
Sundsvall
61%
Umeå
61%
Halmstad
58%
Jönköping
58%
Norrköping
58%
Falun
53%
Östersund
53%
Karlstad
47%
No matching quizzes found
Score Distribution
Percent of People with Each Score
Percentile by Number Answered
Your Score History
You have not taken this quiz